banner-ar

نهضة اليابان / (Record no. 29908)

MARC details
000 -الفاتح
حقل البيانات ثابتة الطول 00837nam a2200277Ia 4500
008 - عناصر البيانات ثابتة الطول - معلومات عامة
حقل البيانات ثابتة الطول 140319s9999 xx 000 0 ara d
040 ## - مصدر الفهرسة
وكالة الفهرسة الأصلية GCL /
وكالة النسخ GCL
082 04 - رقم تصنيف ديوى العشرى
رقم التصنيف 330.9052
رقم المادة م ن
100 1# - المدخل الرئيسى - إسم شخصى
الإسم الشخصى انطوان بطرس
245 10 - بيان العنوان
العنوان نهضة اليابان /
بيان المسئوليه,etc انطوان بطرس
700 1# - المدخل الاضافى - اسم شخصى
الإسم الشخصى هشام شرابى
700 1# - المدخل الاضافى - اسم شخصى
الإسم الشخصى ميتشيو, ناغاى
700 1# - المدخل الاضافى - اسم شخصى
الإسم الشخصى اوروتشيا, ميغال
700 1# - المدخل الاضافى - اسم شخصى
الإسم الشخصى نديم عبده
700 1# - المدخل الاضافى - اسم شخصى
الإسم الشخصى فواز خورى
300 ## - الوصف المادى
التعداد 346 ص
490 ## - بيان السلسلة
عنوان السلسلة
650 04 - المدخل الاضافى بالموضوع-مصطلح موضوعى
مصطلح موضوعي العصر الحديث
650 04 - المدخل الاضافى بالموضوع-مصطلح موضوعى
مصطلح موضوعي اليابان
650 04 - المدخل الاضافى بالموضوع-مصطلح موضوعى
مصطلح موضوعي التنمية الاقتصادية
650 04 - المدخل الاضافى بالموضوع-مصطلح موضوعى
مصطلح موضوعي القرن العشرين
650 04 - المدخل الاضافى بالموضوع-مصطلح موضوعى
مصطلح موضوعي التنمية الصناعية
942 ## - عناصر المدخل الإضافي( كوها)
مصدر التصنيف او مخطط الترفيف Dewey Decimal Classification
Koha [default] item type كتاب
260 ## - PUBLICATION, DISTRIBUTION, ETC. (IMPRINT)
-- [S.N] :
-- شركة المطبوعات للتوزيع والنشر
Holdings
حالة التراجع حالة الفقد حالة تلف ليس للاعارة المكان المؤقت الموقع الحالى تاريخ الاكتساب اجمالي اﻻعارات رقم الطلب الباركود تاريخ اخر مشاهدة تاريخ تفعيل السعر نوع وعاء كوها
        مكتبة القاهرة الكبرى مكتبة القاهرة الكبرى 03/26/2014   330.9052\م ن 69368 03/26/2014 03/26/2014 كتاب
        مكتبة القاهرة الكبرى مكتبة القاهرة الكبرى 03/26/2014   330.9052\م ن 69369 03/26/2014 03/26/2014 كتاب
        مكتبة القاهرة الكبرى مكتبة القاهرة الكبرى 03/26/2014   330.9052\م ن 69370 03/26/2014 03/26/2014 كتاب

Powered By

EGPV